Musicals - Statistics

General Stats
  • This quiz has been taken 108 times
  • The average score is 5 of 13
Answer Stats
Song Musical % Correct
Greased Lightnin' Grease
96%
Over The Rainbow The Wizard of Oz
92%
Dentist Little Shop of Horrors
52%
Be Prepared The Lion King
47%
The Mob Song Beauty and the Beast
43%
Hellfire The Hunchback of Notre Dame
38%
What's This? The Nightmare Before Christmas
32%
The Candy Man Willy Wonka and the Chocolate Factory
29%
Boy For Sale Oliver!
23%
The Trolley Song Meet Me in St. Louis
21%
Jailhouse Rock Jailhouse Rock
19%
I Am the Very Model of A Modern Major General Pirates of Penzance
13%
Those Were the Good Old Days Damn Yankees
5%
No matching quizzes found
Score Distribution
Percent of People with Each Score
Percentile by Number Answered
Your Score History
You have not taken this quiz